000 00506nam a2200193 a 4500
001 1769080477275
003 YourLibrary
005 20260123163853.0
008 260122s1996##################000#0#eng##
020 _a9780521562355
082 0 4 _a303.4
_bFAR
100 1 _aFara, Patricia,
_eauthor.
245 1 0 _aThe Changing World :
260 _bCambridge University Press,
_c1996.
300 _a214 pages
650 0 _aPolitical Science.
942 _cENGLISH
040 _aYourLibrary
_beng
_cYourLibrary
999 _c608960
_d608960